000 00637nam a2200253Ia 4500
008 160803s9999 xx 000 0 und d
020 _a9780545111164
100 _aSinger, Marilyn
245 _aVenom /
245 _cby Marilyn Singer.
260 _aNew York :
260 _bScholastic Inc.
260 _c2007
300 _a96 pages :
300 _bcolor illustrations ;
300 _c29 cm
650 _aPoisonous animals --
650 _aPoisonous arthropoda --
650 _aVenom --
650 _xJuvenile literature.
650 _xJuvenile literature.
650 _xJuvenile literature.
700 _a1110
999 _c298941
_d298941